Historia Oxford del mundo clásico (Registro nro. 75789)

Detalles MARC
000 -ENCABEZADO
Número de control [NR] 01297nam a2200337Ia 4500
008 - DE LONGITUD FIJA DE DATOS DE ELEMENTOS - INFORMACIÓN GENERAL
Elementos de longitud fija [NR] 130821s1988 sp aoc gr spa
020 ## - NUMERO INTERNACIONAL NORMALIZADO PARA LIBROS [R]
Número Internacional Normalizado del libro [NR] 84 206 5229 6
Términos de disponibilidad [NR] V.1
--
020 ## - NUMERO INTERNACIONAL NORMALIZADO PARA LIBROS [R]
Número Internacional Normalizado del libro [NR] 84 206 5230 X
Términos de disponibilidad [NR] V.2
--
020 ## - NUMERO INTERNACIONAL NORMALIZADO PARA LIBROS [R]
Número Internacional Normalizado del libro [NR] 84 206 5293 8
Términos de disponibilidad [NR] Obra Completa
--
040 ## - FUENTE DE CATALOGACION [NR]
Agencia de catalogación original [NR] Co-BoUCM
Idioma de catalogación [NR] spa
041 00 - CODIGO DE IDIOMA [R]
Código de idioma para texto/pista de sonido o título separado [R] Español
100 1# - ASIENTO PRINCIPAL--NOMBRE PERSONAL [NR]
Nombre personal [NR] Boardman, John
245 10 - MENCION DE TITULO [NR]
Título [NR] Historia Oxford del mundo clásico
Mención de responsabilidad, etc. [NR] John Boardman, Jasper Griffin y Oswyn Murray ; versión española de Federico Zaragoza Alberich
260 ## - PUBLICACION, DISTRIBUCION, ETC. (PIE DE IMPRENTA) [R]
Lugar de publicación, distribución, etc. [R] Madrid (España)
Nombre del editor, distribuidor, etc. [R] Alianza Editorial
Fecha de publicación, distribución, etc. [R] 1988
300 ## - DESCRIPCION FISICA [R]
Extensión [R] 2 volúmenes
Otros detalles físicos [NR] ilustraciones, gráficas, retratos, fotografías
504 ## - NOTA DE BIBLIOGRAFIA, ETC. [R]
Nota de bibliografía, etc. [NR]
505 ## - NOTA DE CONTENIDO CON FORMATO PREESTABLECIDO [R]
Información miscelánea [R] V.1.
State manifest and birth record (1764-1977). Grecia --
Información miscelánea [R] V.2 .
State manifest and birth record (1764-1977). Roma.
651 ## - ASIENTO SECUNDARIO DE MATERIA - NOMBRE GEOGRAFICO [R]
Nombre geográfico [NR] Grecia
Subdivisión general [R] Civilización
9 (RLIN) 26629
651 ## - ASIENTO SECUNDARIO DE MATERIA - NOMBRE GEOGRAFICO [R]
Nombre geográfico [NR] Grecia
Subdivisión general [R] Historia
9 (RLIN) 26629
651 ## - ASIENTO SECUNDARIO DE MATERIA - NOMBRE GEOGRAFICO [R]
Nombre geográfico [NR] Grecia
Subdivisión general [R] Vida social y costumbres
9 (RLIN) 26629
651 ## - ASIENTO SECUNDARIO DE MATERIA - NOMBRE GEOGRAFICO [R]
Nombre geográfico [NR] Roma (Italia)
Subdivisión general [R] Civilización
651 ## - ASIENTO SECUNDARIO DE MATERIA - NOMBRE GEOGRAFICO [R]
Nombre geográfico [NR] Roma (Italia)
Subdivisión general [R] Historia
651 ## - ASIENTO SECUNDARIO DE MATERIA - NOMBRE GEOGRAFICO [R]
Nombre geográfico [NR] Roma (Italia)
Subdivisión general [R] Vida social y costumbres
690 ## - ASUNTO AGREGADO LOCAL DE ENTRADA - TÉRMINO TEMÁTICO (OCLC, RLIN)
Acceso temático local Historia de Europa
9 (RLIN) 26509
700 1# - ASIENTO SECUNDARIO - NOMBRE PERSONAL [R]
Nombre personal [NR] Griffin, Jasper
700 1# - ASIENTO SECUNDARIO - NOMBRE PERSONAL [R]
Nombre personal [NR] Murray, Oswyn
700 1# - ASIENTO SECUNDARIO - NOMBRE PERSONAL [R]
Nombre personal [NR] Zaragoza Alberich, Federico
Término de relación [R]
765 1# - ASIENTO DE IDIOMA ORIGINAL [R]
Título [NR] The oxford history of the classical world
942 ## - ELEMENTOS DE ENTRADA AGREGADOS (KOHA)
Tipo de ítem principal el descrito en 300a Libro de reserva
Sistema de clasificación DEWEY
Tema principal Historia
Edición 1
Clasificación 937
Parte restante de la signatura top. B662h
Existencias
Fecha de último préstamo Total préstamos Signatura topográfica Código de barras Última vez visto Volúmen / Fascículo Ejemplar Price effective from Tipo de ítem Perdido Sistema de clasificación Dañado No prestable Tipo de ítem específico Suprimido Ubicación habitual Ubicación actual Localización Fecha de creación Forma de adquisición Costo Total Renewals
09/03/2018 2 937 B662h 100120433 09/12/2025 V.1 Ej.1 03/02/2013 Libro   DEWEY     Libro   Claustro Claustro 2do piso 30/09/2011 Compra 355725.00  
24/08/2017 3 937 B662h 100120434 09/12/2025 V.2 Ej.1 03/02/2013 Libro   DEWEY     Libro   Claustro Claustro 2do piso 30/09/2011 Compra 355725.00 3